000
00268nam a2200085Ia 4500
245
0
_a
Walking for fitness : the low-impact workout that tones and shapes
100
_a
BAROUGH, Nina London, 2003
_9
93028
942
_c
BK
008
210817s9999 xx 000 0 und d
999
_c
399418
_d
399417